El Octavio / (Record n. 19401)

Dettagli MARC
000 -LEADER
fixed length control field 00705nam a2200241 i 4500
003 - CONTROL NUMBER IDENTIFIER
control field IT-RoINE
005 - DATE AND TIME OF LATEST TRANSACTION
control field 20200713055444.0
008 - FIXED-LENGTH DATA ELEMENTS--GENERAL INFORMATION
fixed length control field 920725s1944 sp r | spa d
040 ## - CATALOGING SOURCE
Original cataloging agency IT-RoINE
041 1# - LANGUAGE CODE
Language code of text/sound track or separate title spa
100 1# - MAIN ENTRY--PERSONAL NAME
9 (RLIN) 30721
Personal name Minucio Félix, Marco,
Dates associated with a name ca. 150-250
245 13 - TITLE STATEMENT
Title El Octavio /
Statement of responsibility, etc Minucio Félix ; traducción, prólogo y notas de Santos de Domingo.
260 ## - PUBLICATION, DISTRIBUTION, ETC. (IMPRINT)
Place of publication, distribution, etc Madrid :
Name of publisher, distributor, etc Aspas,
Date of publication, distribution, etc 1944.
300 ## - PHYSICAL DESCRIPTION
Extent 148 p. ;
Dimensions 17 cm.
336 ## - CONTENT TYPE
Source rdacontent
Content type term text
337 ## - MEDIA TYPE
Source rdamedia
Media type term unmediated
338 ## - CARRIER TYPE
Source rdacarrier
Carrier type term volume
490 1# - SERIES STATEMENT
Series statement Colección excelsa ;
Volume number/sequential designation 11
500 ## - GENERAL NOTE
General note Fecha tomada del lomo.
830 #0 - SERIES ADDED ENTRY--UNIFORM TITLE
9 (RLIN) 38392
Uniform title Colección excelsa ;
Volume number/sequential designation 11
942 ## - ADDED ENTRY ELEMENTS (KOHA)
Item type Monografías
956 ## - LOCAL ELECTRONIC LOCATION AND ACCESS (OCLC)
Host name 1
Dati di copia
Withdrawn status Lost status Damaged status Not for loan Home library Current library Date acquired Total Checkouts Full call number Barcode Date last seen Price effective from Koha item type
        Iglesia Nacional Española en Roma Iglesia Nacional Española en Roma 12/09/2017   PAT 24 43524 20/09/2017 12/09/2017 Monografías